Géographie : Citation lettre à lettre - Statistiques

Statistiques générales
  • Ce quiz a été pris 83 fois
  • Le résultat moyen est 10 sur 21
Statistiques - réponses
Lettre Question Réponse % Correct
O Point d'eau qui permet la culture dans un désert. Oasis
94%
N Qui n'a pas d'habitation fixe. Nomade
85%
E Territoire sans accès à la mer ou isolé. Enclave
78%
E Ligne imaginaire à égale distance des deux pôles. Equateur
76%
A Cours d'eau qui se jette dans un autre. Affluent
65%
R Désert de cailloux. Reg
60%
U Organisation des Nations Unies pour l'Éducation, la Science et la Culture UNESCO
60%
E Rapport entre la représentation d'une distance et la réalité. Echelle
57%
T Ligne imaginaire qui délimite la zone où le soleil peut se trouver à la verticale du sol Tropique
56%
R Décompte de la population d'un pays. Recensement
54%
T Végétation de mousse et de lichens des régions polaires. Toundra
54%
U Versant à l'ombre d'une montagne. Ubac
50%
E Endroit ou le fleuve rejoint la mer. Embouchure
47%
T Forêt de conifères et de bouleaux du milieu continental froid. Taïga
46%
O Cours d'eau temporaire des régions arides. Oued
32%
P Ligne dont tous les points sont à égale distance de l'Équateur Parallèle
32%
T Étude des noms de lieux. Toponymie
32%
Citation Et pourtant elle tourne
26%
L Étang côtier salé séparé de la mer par un cordon littoral en sable. Lagune
15%
L Limon transporté par le vent et très fertile. Loess
13%
N Roue à godet qui permet de remonter l'eau d'irrigation. Noria
13%
Aucun quiz correspondant
Distribution des résultats
% des personnes avec chaque résultat
Percentile par nombre de réponses
Votre historique - résultats
Vous n’avez pas pris ce quiz